000 00733nam a2200205Ii 4500
003 JO-AjNU
008 230605s9999||||xx |||||||||||||| ||und||
017 _a2006/6/1548
040 _aJO-AjNU
_bara
_erda
_cJO-AjNU
041 _aara
050 1 4 _aPN1655.B37 2006
100 3 _aالبشتاوي، يحيى,
_eauthor
_912012
245 0 0 _aأزمة الإنسان في الأدب المعاصر
264 3 1 _aاربد:دار الكندي للنشر والتوزيع ، 2006
300 _a303ص
336 _atext
_btxt
_2rdacontent
337 _aunmediated
_bn
_2rdamedia
338 _avolume
_bnc
_2rdacarrier
650 4 _aالفكر-الفلسفة-التفكير-علم الاداب-الانسان-الايديولوجيات
_912013
999 _aA2618
_c6186
_d6186